000 00234nam a2200097Ia 4500
001 645281
005 20250826153620.0
008 250824s9999 xx 000 0 und d
245 0 _aDİN NEDİR
_cSALİH GÜRDAL
260 _bBEYAN YAYINLARI
999 _c645281
_d645281